|
|
|
|
| LEADER |
00886nab a2200217 i 4500 |
| 001 |
tort687 |
| 005 |
20230510130245.0 |
| 008 |
230510s2023 hu o 0|| zxx d |
| 022 |
|
|
|a 0133-0500
|
| 040 |
|
|
|a PEREPO TORTENET
|b hun
|
| 041 |
|
|
|a zxx
|
| 245 |
0 |
0 |
|a Vizsgaidőszak előtt egyetemi kollégiumi napok
|h [elektronikus dokumentum]
|
| 260 |
|
|
|a Zalai Hírlap Kiadói Bt.
|b Zalaegerszeg, Magyarország
|c 2023-04-27
|
| 300 |
|
|
|a 1
|
| 490 |
0 |
|
|a Zalai Hírlap
|v 79 No. 97
|
| 695 |
|
|
|a Pannon Egyetem Zalaegerszegi Egyetemi Központ - PE ZEK
|
| 695 |
|
|
|a Kollégiumi Napok
|
| 695 |
|
|
|a rendezvény
|
| 695 |
|
|
|a szabadidő
|
| 700 |
0 |
1 |
|a Fehér Márk
|
| 856 |
4 |
0 |
|u https://perepo-tortenet.uni-pannon.hu/id/eprint/687/1/2023-04-27_zalaegerszeg_7_nap_Elkezd%C5%91d%C3%B6tt%20a%20Senior%20Akad%C3%A9mia%20tavaszi%20szemesztere%20%2811.%20%C3%A9vf.%2013.%20sz.%2C%20p.%2016.%29.pdf
|z Dokumentum-elérés
|